Statistics for Brawl Stars: Brawl Pass Skins

Click here to take the quiz!

General Stats

  • This quiz has been taken 16 times
    (15 since last reset)
  • The average score is 8 of 13

Answer Stats

ChromaticSkin% Correct
LouKing Lou
86%
GaleMerchant Gale
71%
AshNinja Ash
71%
Col. RuffsRonin Ruffs
71%
ColetteTrixie Colette
71%
FangFurious Fang
64%
SurgeMecha Paladin Surge
64%
EveSpiky Eve
64%
JanetValkyrie Janet
57%
BelleBelle Goldhand
50%
BuzzBorn Bad Buzz
50%
LolaRebel Lola
50%
OtisPharoatis
0%

Score Distribution

Percentile by Number Answered

Percent of People with Each Score

Your Score History

You have not taken this quiz since the last reset